| 000 | 00655nam a22001935i 4500 | ||
|---|---|---|---|
| 001 | 151441 | ||
| 003 | ES-MaACL | ||
| 005 | 20250831063039.0 | ||
| 008 | 941007s1896 sp |||| | glg d | ||
| 040 |
_aGA _bspa |
||
| 100 | 2 |
_aÁlvarez de Nóvoa y Ferrer, Francisco, _d1873-1936 _9134066 |
|
| 245 | 1 | 0 |
_aPé das burgas / _cpor Francisco A. de Novoa. |
| 260 |
_aLa Coruña : _bAndrés Martínez, _c1896 ( _fTipografía de la Casa de Misericordia) |
||
| 300 |
_a194 p. ; _c20 cm. |
||
| 490 | 1 |
_aBiblioteca gallega ; _v44 |
|
| 830 | 0 |
_aBiblioteca gallega ; _v44 _9180864 |
|
| 852 |
_aES-MaACL _jG-9207 _z-- Enc. hol. |
||
| 999 |
_c151441 _d151441 |
||